| 000 | 01277nam a22002537a 4500 | ||
|---|---|---|---|
| 001 | 38587 | ||
| 003 | BD-RjUL | ||
| 005 | 20211209052826.0 | ||
| 008 | 160720s1921 ii ||||| |||| 00| 0 ben d | ||
| 035 | _a(BD-RjUL)38695 | ||
| 040 |
_aBD-RjUL _bben _cBD-RjUL |
||
| 041 | _aben | ||
| 082 |
_223 _a294.59214 _bYAJ 1921 |
||
| 245 | 1 | 0 |
_aযজুর্ব্বেদ-সংহিতা : _bকৃষ্ণ-যজুর্ব্বেদ তৈত্তিরীয় -সংহিতা / _cদুর্গাদাস লাহিড়ী শর্ম্মণা সম্পাদিত _nষষ্ঠ খণ্ড |
| 260 |
_aহাওড়া : _bধীরেন্দ্রনাথ লাহিড়ী শর্ম্মণা, _c১৯২১. |
||
| 300 |
_a৭২৬ পৃ. ; _c২৫ সেমি. |
||
| 500 | _a" বাংলা লিপিতে সংস্কৃত ভাষায় লিখিত" | ||
| 500 | _a"পুঠিয়া রাজবাড়ি থেকে সংগৃহীত" | ||
| 505 | _a খণ্ড ৬ -- | ||
| 650 |
_aযজুর্বেদ _9119076 |
||
| 650 |
_aYajurveda _9119077 |
||
| 700 |
_aশর্ম্মণা , দুর্গাদাস লাহিড়ী, সম্পা. _9119078 |
||
| 942 |
_2ddc _cRAR |
||
| 999 |
_c38587 _d38587 |
||